000 01076cam a22002771a 4500
001 e 19000608
003 DLC
005 20260227111210.0
008 860124s1919 dcu b f000 0 eng c
010 _ae 19000608
035 _a(OCoLC)13058657
040 _aU.S. Off. of Educ. Library
_cABAU
_dABAU
_dDLC
042 _apremarc
050 0 0 _aL111
_b.A6 1919, no. 37
051 _aLA832
_b.B3
100 1 _aBach, Theresa
245 1 0 _aEducational changes in Russia /
_cby Theresa Bach.
260 _aWashington :
_bG.P.O.,
_c1919.
300 _a26 p. ;
_c23 cm.
490 1 _aBulletin / Department of the Interior, Bureau of Education ;
_v1919, no. 37
500 _a"Advance sheets from the Biennial survey of education, 1916-1918."
501 _aCopy 1 of L111.A6 with: Vocational education, 1919, no. 25 / William T. Bawden. Washington : Govt. Print. Off., 1919. Bound together subsequent to publication.
_5DLC
504 _aBibliography: p. 25-26.
650 0 _aEducation
_zSoviet Union.
830 0 _aBulletin (United States. Bureau of Education) ;
_v1919, no. 37
999 _c20320
_d20320